Compendio di pratiche morali: utilissime pe' novelli confessori di nuovo corrette e migliorate

Guardat en:
Dades bibliogràfiques
Autor principal: Giovanni, Nicola da S (Autor)
Format: Llibre
Idioma:italià
Publicat: Perugia Tip. Vagninid. Da Giuseppe Ricci 1853
Edició:2a. ed
Matèries:
Etiquetes: Afegir etiqueta
Sense etiquetes, Sigues el primer a etiquetar aquest registre!

MARC

LEADER 00000cam a2200000 a 4500
001 UCD1030
003 CL-VaPUC
008 151231e18530000it |||||||||||||||||ita|d
082 0 4 |a 230  |b GIO  |2 21 
100 0 |a Giovanni, Nicola da S  |e author  |9 584110 
245 1 0 |a Compendio di pratiche morali: utilissime pe' novelli confessori di nuovo corrette e migliorate 
250 |a 2a. ed 
300 |a 313 p 
942 |c BK 
945 |d 20151231 00:35:00  |a gsalatino 
260 |a Perugia  |b Tip. Vagninid. Da Giuseppe Ricci  |c 1853 
650 0 |a Teología cristiana  |9 308336 
650 7 |a CONFESORES  |2 CL-VaPUC  |9 584111 
650 0 |a Sacramentos   |9 257270 
583 |a last modification  |c 20151231 00:35:00  |k Rodrigo Vera 
999 |c 362460  |d 362458 
952 |0 0  |1 0  |3 erd  |4 0  |6 230_000000000000000_GIO_1853  |7 0  |8 P  |9 473734  |a BIBTEO  |b BIBTES  |c TEO_FTES  |i 5275555  |o 230 GIO 1853  |p 5275555  |r 2024-01-18  |w 2019-11-24  |y BK  |z Catalogado en:20151231  |k ICR